00808nam a22002177a 450000500170000001000150001702000260003203500140005803700090007208200110008110000280009224500490012025000060016926000440017527000700021930000310028950000730032094200250039399900190041895201530043720250213115356.0 aENG-143792 c260.00a9788198126122 aEN-127324 bDBAD a230.35 aGhooi, Charanjit977545 aHuman Values and Health/cby Charanjit Ghooi a1 aA.PbSri Sathya sai Sadhana Trustc2024 bA.P aPrasanthi Nilayam, Puttaparthi e515134k011-287375l287236 a356p.c22cm(pb)bCol. ill. aChurned out of the Divine Discourses of Bhagawan Sri Sathya Sai Baba 2ddccENh230.35mGHO c209026d209026 001040708NFICaLbLd2025-02-13eDelivery of Books Act Divisiong260.00l0o230.35 GHOpEN-127324r2025-02-13 00:00:00t1v260.00w2025-02-13yEN